| 000 | 00427nam a2200145 i 4500 | ||
|---|---|---|---|
| 001 | 63883 | ||
| 003 | ES-MaACL | ||
| 005 | 20230906165007.0 | ||
| 007 | t| | ||
| 008 | 031217s1977 sp ||||1| spa d | ||
| 245 | 0 | 0 |
_aFilosofía y Derecho _b: estudios en honor del profesor José Corts Grau. |
| 260 |
_aValencia : _bUniversidad de Valencia, _c1977. |
||
| 300 |
_a2 v., lám. ; _c24 cm. |
||
| 852 |
_aES-MaACL _jA-7314-5 _bR.96277 |
||
| 999 |
_c63883 _d63883 |
||